Simpsons Last Names Quiz - Statistics

General Stats
  • This quiz has been taken 64 times
  • The average score is 16 of 30
Answer Stats
Name Last name % Correct
Homer, Marge, Bart, Lisa, Maggie Simpson
100%
Montgomery Burns
86%
Waylon Smithers
80%
Edna Krabappel
73%
Todd Flanders
71%
Milhouse van Houten
71%
Clancy Wiggum
71%
Patty and Selma Bouvier
68%
Nelson Muntz
64%
Kent Brockman
63%
Barney Gumble
61%
Jimbo Jones
61%
Carl Carlson
59%
Martin Prince
59%
Agnes Skinner
58%
Moe Szyslak
56%
Lionel Hutz
51%
Troy McClure
51%
Dr. Julius Hibbert
49%
Hans Moleman
49%
Apu (first 6 letters) Nahasapeemapetilon
49%
Lenny Leonard
44%
Artie Ziff
42%
Timothy a.k.a Tim Lovejoy
34%
Joseph a.k.a Joe Quimby
32%
Gary Chalmers
29%
Herbert a.k.a Uncle Herb Powell
25%
Gil Gunderson
24%
John Frink
15%
Willie MacDougal
3%
No matching quizzes found
Score Distribution
Percent of People with Each Score
Percentile by Number Answered
Your Score History
You have not taken this quiz